Sekt Palugyay - tretie dejstvo Villa Vino Rača nadväzuje na prestížne dedičstvo prešporských vinárov
História známej vinárskej spoločnosti bratislavského vinára a hoteliera Jakuba Palugyaya.
Gespeichert in:
| 1. Verfasser: | |
|---|---|
| Format: | Buchkapitel |
| Sprache: | Slowakisch |
| Schlagworte: | |
| Tags: |
Keine Tags, Fügen Sie das erste Tag hinzu!
|
MARC
| LEADER | 00000naa a2200000 4500 | ||
|---|---|---|---|
| 001 | 0207425 | ||
| 005 | 20220725111609.4 | ||
| 041 | 0 | |a slo | |
| 044 | |a SK | ||
| 245 | 1 | 0 | |a Sekt Palugyay - tretie dejstvo |b Villa Vino Rača nadväzuje na prestížne dedičstvo prešporských vinárov |c Tibor Vittek |
| 520 | |a História známej vinárskej spoločnosti bratislavského vinára a hoteliera Jakuba Palugyaya. | ||
| 610 | 2 | 0 | |a história |
| 610 | 2 | 0 | |a hotelierstvo |
| 610 | 2 | 0 | |a podnikatelia |
| 610 | 2 | 0 | |a vinohradníctvo |
| 610 | 2 | 0 | |a vinárne |
| 610 | 2 | 0 | |a víno |
| 610 | 2 | 0 | |a výroba |
| 610 | 2 | 0 | |a značky kvality |
| 100 | 1 | |a Vittek, Tibor | |